Central america: anatomy of conflict /
Guardado en:
| Hovedforfatter: | |
|---|---|
| Institution som forfatter: | |
| Andre forfattere: | |
| Format: | Texto |
| Udgivet: |
New York:
Pergamon Press
|
| Tags: |
Tilføj Tag
Ingen Tags, Vær først til at tagge denne postø!
|
MARC
| LEADER | 00000 a a2200000 04500 | ||
|---|---|---|---|
| 001 | 24231 | ||
| 003 | |||
| 040 | |||
| 090 | |a 171800 | ||
| 100 | |a Leiken, Robert S. | ||
| 110 | |a Carnegie Endowment for international Peace | ||
| 245 | |a Central america: anatomy of conflict / |c Robert S. Leiken, | ||
| 260 | |a New York: |b Pergamon Press | ||
| 300 | |a p. irreg |b **no definido** | ||
| 700 | |a ed. | ||
| 999 | |c 10617 |d 10617 | ||
